Detalles MARC
| 000 -LEADER |
| fixed length control field |
02215nam a2200397Ia 4500 |
| 003 - CONTROL NUMBER IDENTIFIER |
| control field |
OSt |
| 005 - DATE AND TIME OF LATEST TRANSACTION |
| control field |
20210212101848.0 |
| 008 - FIXED-LENGTH DATA ELEMENTS--GENERAL INFORMATION |
| fixed length control field |
191128t2013 sp adbefr 001 0dspa d |
| 020 ## - INTERNATIONAL STANDARD BOOK NUMBER |
| International Standard Book Number |
9788425224744 |
| 040 ## - CATALOGING SOURCE |
| Original cataloging agency |
CO-JMCR |
| Transcribing agency |
CO-JMCR |
| 041 1# - LANGUAGE CODE |
| Language code of text/sound track or separate title |
spa |
| Language code of original |
eng |
| 082 04 - DEWEY DECIMAL CLASSIFICATION NUMBER |
| Classification number |
720 / |
| Item number |
N282a |
| Edition number |
23 |
| 100 1# - MAIN ENTRY--PERSONAL NAME |
| Personal name |
Neufert, Ernst, |
| Relator term |
autor |
| 9 (RLIN) |
13370 |
| 245 10 - TITLE STATEMENT |
| Title |
Arte de proyectar en arquitectura / |
| Statement of responsibility, etc. |
Ernst Neufert ; traducción de Herbert Bayer |
| 250 ## - EDITION STATEMENT |
| Edition statement |
16a. edición |
| 260 ## - PUBLICATION, DISTRIBUTION, ETC. |
| Place of publication, distribution, etc. |
Barcelona : |
| Name of publisher, distributor, etc. |
Gustavo Gili, |
| Date of publication, distribution, etc. |
©2013 |
| 300 ## - PHYSICAL DESCRIPTION |
| Extent |
xi, 568 páginas : |
| Other physical details |
ilustraciones, gráficos, mapas y planos a blanco y negro ; |
| Dimensions |
30 cm. |
| 500 ## - GENERAL NOTE |
| General note |
Incluye datos bibliográficos del autor e índice de materias y de términos. |
| 500 ## - GENERAL NOTE |
| General note |
Generalidades, normas, directrices sobre disposición, construcción, diseño, superficies requeridas, relaciones espaciales, medidas para edificios, espacios, instalaciones, aparatos con el ser humano como medida y fin. |
| 500 ## - GENERAL NOTE |
| General note |
Manual para arquitectos, ingenieros, arquitectos técnicos, constructores profesionales y estudiantes. |
| 504 ## - BIBLIOGRAPHY, ETC. NOTE |
| Bibliography, etc. note |
Bibliografía: páginas 549-558 |
| 505 0# - FORMATTED CONTENTS NOTE |
| Formatted contents note |
Generalidades -- Proceso de diseño -- Elementos constructivos -- Vivienda -- Hospedaje -- Educación.Investigación -- Cultura.Espacios escénicos -- Administración.Oficinas -- Comercio -- Industria.Oficios -- Arquitectura religiosa -- Sanidad -- Deportes.Oc |
| 520 3# - SUMMARY, ETC. |
| Summary, etc. |
El arte de proyectar arquitectura es un manual de proyectos de construcción que reune de forma sistemática los fundamentos, las normas y las prescripciones sobre recintos, edificios, exigencias de programa, relaciones espaciales, dimensiones de edificios |
| 534 ## - ORIGINAL VERSION NOTE |
| Introductory phrase |
Erns Neufert: Neufert Bauentwurfslehre<br/> |
| 546 ## - LANGUAGE NOTE |
| Language note |
Traducido del inglés |
| 650 14 - SUBJECT ADDED ENTRY--TOPICAL TERM |
| Topical term or geographic name entry element |
Arquitectura |
| Form subdivision |
construcción |
| General subdivision |
diseño |
| 9 (RLIN) |
13371 |
| 650 #4 - SUBJECT ADDED ENTRY--TOPICAL TERM |
| Topical term or geographic name entry element |
Arquitectura |
| Form subdivision |
diseños y planos |
| 9 (RLIN) |
13372 |
| 650 #4 - SUBJECT ADDED ENTRY--TOPICAL TERM |
| Topical term or geographic name entry element |
Dibujo arquitectónico |
| 9 (RLIN) |
13373 |
| 650 24 - SUBJECT ADDED ENTRY--TOPICAL TERM |
| Topical term or geographic name entry element |
Dibujo técnico |
| 9 (RLIN) |
13374 |
| 650 24 - SUBJECT ADDED ENTRY--TOPICAL TERM |
| Topical term or geographic name entry element |
Diseño arquitectónico |
| 9 (RLIN) |
13375 |
| 650 24 - SUBJECT ADDED ENTRY--TOPICAL TERM |
| Topical term or geographic name entry element |
Diseño industrial |
| 9 (RLIN) |
13376 |
| 650 24 - SUBJECT ADDED ENTRY--TOPICAL TERM |
| Topical term or geographic name entry element |
Arquitectura |
| Form subdivision |
normas |
| 9 (RLIN) |
13377 |
| 650 24 - SUBJECT ADDED ENTRY--TOPICAL TERM |
| Topical term or geographic name entry element |
Materiales de construcción |
| 9 (RLIN) |
5783 |
| 700 1# - ADDED ENTRY--PERSONAL NAME |
| Personal name |
Bayer, Herbert, |
| Relator term |
traductor |
| 9 (RLIN) |
13378 |
| 942 ## - ADDED ENTRY ELEMENTS (KOHA) |
| Source of classification or shelving scheme |
Dewey Decimal Classification |
| Koha item type |
Books |